Chinatown /

Wedi'i Gadw mewn:
Manylion Llyfryddiaeth
Awduron Eraill: Polański, Roman, Nicholson, Jack, Dunaway, Faye
Fformat: Sleid
Iaith:Eidaleg
Cyhoeddwyd: Milano : Corriere della sera, ©2002
Cyfres:Grandi film ; 84
Tagiau: Ychwanegu Tag
Dim Tagiau, Byddwch y cyntaf i dagio'r cofnod hwn!

MARC

LEADER 00000ngm a22000007i 4500
001 IT\ICCU\UM1\0060673
003 ItRI
005 20260124182915.0
008 030702s2002 it |||||||||||||||k|||||c
040 |b ita 
041 7 |a ita  |2 ISO-639-2 
130 0 |a Chinatown <film ; 1974>  |3 IT\ICCU\UBO\1261628 
245 0 0 |a Chinatown /  |c directed by Roman Polanski. 
260 |a Milano :  |b Corriere della sera,  |c ©2002 
300 |a 1 videocassetta (VHS) (125 min.) ;  |c color. ; 19 cm 
500 |a Interpreti: Jack Nicholson, Faye Dunaway 
500 |a Descrizione basata sul contenitore 
500 |a Suppl. a: Corriere della sera 
500 |a Ripr. del film del 1974. 
700 1 |a Polański, Roman  |0 IT\ICCU\CFIV\037416 
700 1 |a Nicholson, Jack  |0 IT\ICCU\RAVV\088446 
700 1 |a Dunaway, Faye  |0 IT\ICCU\RAVV\088962 
790 1 |a Liebling, Roman  |3 IT\ICCU\SBNV\032834  |z Polański, Roman 
830 0 |a Grandi film ;  |v 84  |0 IT\ICCU\TO0\1113459 
942 |2 ddc  |c VM  |n 0 
952 |0 0  |1 0  |4 0  |6 VO_2136_000000000000000  |7 0  |9 27876  |a BO  |b BO  |d 2026-01-24  |i 17415  |l 0  |o VO 2136  |p BO17415  |r 2026-01-24 18:29:15  |w 2026-01-24  |x [Sebina 5] [1 videocassetta]  |y VM  |z 1 videocassetta 
999 |c 23634  |d 23634